[Event "ODEM U14 2010"]
[Site "Oberhof GER"]
[Date "2010.05.26"]
[Round "4"]
[White "Eggert, Daniela"]
[Black "Scholz, Richard"]
[Result "0-1"]
[Termination "normal"]
[Board "24"]
[WhiteElo "971"]
[BlackElo "890"]
[PlyCount "52"]
[WhiteFideId "12991490"]
[EventCountry "GER"]
[EventRounds "7"]
[EventType "swiss"]
[EventDate "2010.05.22"]

1. e4 e5 2. Nf3 Nc6 3. Nc3 Bc5 4. Bb5 Nf6 5. Bxc6 dxc6 6. d3 Bg4 7. O-O O-O 8.
Bg5 h6 9. Bh4 g5 10. Bg3 Nh5 11. Bxe5 f6 12. Bg3 Nxg3 13. hxg3 h5 14. Na4 Bd4
15. c3 Bb6 16. Nxb6 cxb6 17. Qe2 h4 18. gxh4 gxh4 19. d4 f5 20. Qc4+ Kh8 21.
Ne5 h3 22. Ng6+ Kh7 23. Nxf8+ Qxf8 24. gxh3 Bxh3 25. Rfe1 Qg7+ 26. Kh2 Qg2# 0-1